Football Clubs with highest average attendances - Statistics

General Stats
  • This quiz has been taken 108 times
  • The average score is 36 of 50
Answer Stats
Average Club Country % Correct
75.000 Bayern Munich ๐Ÿ‡ฉ๐Ÿ‡ช
100%
81.365 Borussia Dortmund ๐Ÿ‡ฉ๐Ÿ‡ช
99%
72.362 AC Milan ๐Ÿ‡ฎ๐Ÿ‡น
98%
73.163 Inter Milan ๐Ÿ‡ฎ๐Ÿ‡น
98%
60.130 FC Arsenal ๐Ÿด๓ ง๓ ข๓ ฅ๓ ฎ๓ ง๓ ฟ
96%
73.504 Manchester United ๐Ÿด๓ ง๓ ข๓ ฅ๓ ฎ๓ ง๓ ฟ
96%
46.140 Paris Saint-Germain ๐Ÿ‡ซ๐Ÿ‡ท
96%
69.236 Real Madrid ๐Ÿ‡ช๐Ÿ‡ฆ
96%
54.104 Ajax Amsterdam ๐Ÿ‡ณ๐Ÿ‡ฑ
94%
53.427 Manchester City ๐Ÿด๓ ง๓ ข๓ ฅ๓ ฎ๓ ง๓ ฟ
94%
62.439 AS Roma ๐Ÿ‡ฎ๐Ÿ‡น
93%
63.621 Olympique Marseille ๐Ÿ‡ซ๐Ÿ‡ท
92%
61.726 Tottenham Hotspur ๐Ÿด๓ ง๓ ข๓ ฅ๓ ฎ๓ ง๓ ฟ
91%
42.212 FC Barcelona ๐Ÿ‡ช๐Ÿ‡ฆ
89%
50.075 FC Liverpool ๐Ÿด๓ ง๓ ข๓ ฅ๓ ฎ๓ ง๓ ฟ
89%
60.108 Benfica ๐Ÿ‡ต๐Ÿ‡น
88%
39.763 FC Chelsea ๐Ÿด๓ ง๓ ข๓ ฅ๓ ฎ๓ ง๓ ฟ
87%
58.553 Celtic Glasgow ๐Ÿด๓ ง๓ ข๓ ณ๓ ฃ๓ ด๓ ฟ
86%
41.378 FC Porto ๐Ÿ‡ต๐Ÿ‡น
84%
52.106 Newcastle United ๐Ÿด๓ ง๓ ข๓ ฅ๓ ฎ๓ ง๓ ฟ
83%
58.486 Atletico Madrid ๐Ÿ‡ช๐Ÿ‡ฆ
82%
41.683 Lazio Rom ๐Ÿ‡ฎ๐Ÿ‡น
82%
46.654 SSC Napoli ๐Ÿ‡ฎ๐Ÿ‡น
82%
62.058 West Ham United ๐Ÿด๓ ง๓ ข๓ ฅ๓ ฎ๓ ง๓ ฟ
82%
41.378 Aston Villa ๐Ÿด๓ ง๓ ข๓ ฅ๓ ฎ๓ ง๓ ฟ
81%
49.670 Glasgow Rangers ๐Ÿด๓ ง๓ ข๓ ณ๓ ฃ๓ ด๓ ฟ
80%
47.500 Feyenoord Rotterdam ๐Ÿ‡ณ๐Ÿ‡ฑ
77%
56.617 Hamburger SV ๐Ÿ‡ฉ๐Ÿ‡ช
77%
61.591 Schalke 04 ๐Ÿ‡ฉ๐Ÿ‡ช
74%
43.276 FC Valencia ๐Ÿ‡ช๐Ÿ‡ฆ
72%
44.961 Galatasaray istanbul ๐Ÿ‡น๐Ÿ‡ท
72%
55.000 Eintracht Frankfurt ๐Ÿ‡ฉ๐Ÿ‡ช
67%
53.383 VFB Stuttgart ๐Ÿ‡ฉ๐Ÿ‡ช
67%
44.845 Athletic Bilbao ๐Ÿ‡ช๐Ÿ‡ฆ
62%
39.130 FC Everton ๐Ÿด๓ ง๓ ข๓ ฅ๓ ฎ๓ ง๓ ฟ
62%
59.385 Flamengo Rio de Janeiro ๐Ÿ‡ง๐Ÿ‡ท
62%
49.620 1.FC Kรถln ๐Ÿ‡ฉ๐Ÿ‡ช
60%
41.733 Werder Bremen ๐Ÿ‡ฉ๐Ÿ‡ช
60%
51.447 Real Betis ๐Ÿ‡ช๐Ÿ‡ฆ
58%
40.894 Fenerbahce Istanbul ๐Ÿ‡น๐Ÿ‡ท
57%
46.411 Hertha BSC ๐Ÿ‡ฉ๐Ÿ‡ช
56%
51.097 Borussia Mรถnchengladbach ๐Ÿ‡ฉ๐Ÿ‡ช
50%
41.394 AFC Sunderland ๐Ÿด๓ ง๓ ข๓ ฅ๓ ฎ๓ ง๓ ฟ
49%
46.836 FC Sรฃo Paulo ๐Ÿ‡ง๐Ÿ‡ท
42%
44.961 RB Leipzig ๐Ÿ‡ฉ๐Ÿ‡ช
37%
43.147 Olympique Lyon ๐Ÿ‡ซ๐Ÿ‡ท
24%
43.353 1.FC Kaiserslautern ๐Ÿ‡ฉ๐Ÿ‡ช
22%
47.526 Atlanta United ๐Ÿ‡บ๐Ÿ‡ฒ
9%
39.904 Tigres UANL ๐Ÿ‡ฒ๐Ÿ‡ฝ
4%
43.769 Beijing Guoan ๐Ÿ‡จ๐Ÿ‡ณ
1%
No matching quizzes found
Score Distribution
Percent of People with Each Score
Percentile by Number Answered
Your Score History
You have not taken this quiz